Los tres reyes magos llegan de noche.../ (Registro nro. 14670)

Detalles MARC
000 -LIDER
fixed length control field 01096nam a22003371 4500
001 - NÚMERO DE CONTROL
Identificador de número de control 01107648
003 - IDENTIFICACDOR DE NÚMERO DE CONTROL
control field DO-SdBNP
005 - DATE AND TIME OF LATEST TRANSACTION
control field 20240614111434.0
007 - CAMPOS FIJOS DE DESCRIPCIÓN FÍSICA
fixed length control field 01107648
008 - ELEMENTOS DE LONGITUD FIJA
fixed length control field 920725s2009 pr spa
017 ## - NÚMERO DE REGISTRO DE DERECHOS DE AUTOR
Copyright or legal deposit number
Assigning agency
020 ## - ISBN
International Standard Book Number 9780847715909
035 ## - NÚMERO LOCAL
System control number
040 ## - FUENTE DE CATALOGACIÓN
Agencia que crea de manera original el registro BPMSU
Idioma de catalogación spa
Agencia que realiza la transcripción BPMSU
082 #4 - NÚMERO DE CLASIFICACIÓN DECIMAL DE DEWEY
Classification number PR863.44
Item number F363r 2009
Edition number 22
100 1# - ASIENTO PRINCIPAL -- NOMBRE PERSONAL
Nombre personal Fernández Juncos, Manuel
Fechas asociadas con el nombre 1846-1928
245 13 - MENCIÓN DE TITULO
Título Los tres reyes magos llegan de noche.../
Mención de responsabilidad Manuel Fernández Juncos; música Braulio Dueño Colón ; ilustraciones de Marjorie Ann Vélez
Subtítulo
Medio (Designación general de material)
260 ## - PUBLICACIÓN, DISTRIBUCIÓN, ETC. (PIE DE IMPRENTA)
Lugar de publicación, distribución, etc Colombia :
Nombre del editor, distribuidor, etc. Universidad de Puerto Rico,
Fecha de publicación, distribución, etc 2007
300 ## - DESCRIPCIÓN FÍSICA
Extensión 22 p. :
Otros detalles físicos il,. ;
Dimensiones 21 cm
490 0# - MENCIÓN DE SERIES
Mención de serie Serie Dos Lenguas
500 ## - NOTA GENERAL
Nota general
590 ## - NOTA LOCAL
Texto de la nota local Inventariado, 2025/VM
650 #4 - ENCABEZAMIENTO DE MATERIA--TEMÁTICO
Término temático o nombre geográfico como elemento de entrada Cuentos infantiles puertorriqueños
Subdivisión de forma
Fuente del encabezamiento o término
650 #4 - ENCABEZAMIENTO DE MATERIA--TEMÁTICO
Término temático o nombre geográfico como elemento de entrada Libros ilustrados infantiles
700 1# - ASIENTO SECUNDARIO -- NOMBRE PERSONAL
Nombre personal Ann Vélez, Marjorie
Fechas asociadas con el nombre 1975-
Mención de responsabilidad ilustración
700 1# - ASIENTO SECUNDARIO -- NOMBRE PERSONAL
Nombre personal Dueño Colón, Braulio
Fechas asociadas con el nombre 1854-?
Mención de responsabilidad música
710 2# - ASIENTO SECUNDARIO -- NOMBRE CORPORATIVO
Nombre corporativo o de jurisdicción Universidad de Puerto Rico
900 ## - EQUIVALENCIA O REFERENCIA CRUZADA NOMBRE PERSONAL [LOCAL, REPÚBLICA DOMINICANA]
Enlace
910 ## - VALIDACIÓN
Validación VMateo V. Control de calidad. BPMSU
942 ## - ADDED ENTRY ELEMENTS (KOHA)
Source of classification or shelving scheme Dewey Decimal Classification
Koha item type Libros
Existencias
Withdrawn status Lost status Source of classification or shelving scheme Damaged status Not for loan Collection code Home library Current library Date acquired Total Checkouts Full call number Barcode Date last seen Price effective from Koha item type Copy number
    Dewey Decimal Classification     Colección Infantil General Biblioteca Pública Metropolitana Salomé Ureña Biblioteca Pública Metropolitana Salomé Ureña 06/14/2024   BPMSU CGI PR863.44 F363r 2009 BPMSU24060040 06/14/2024 06/14/2024 Libros  
    Dewey Decimal Classification     Colección Infantil General Biblioteca Pública Metropolitana Salomé Ureña Biblioteca Pública Metropolitana Salomé Ureña 06/14/2024   BPMSU CGI PR863.44 F363r 2009 BPMSU24060041 06/14/2024 06/14/2024 Libros e.2
    Dewey Decimal Classification     Colección Infantil General Biblioteca Pública Metropolitana Salomé Ureña Biblioteca Pública Metropolitana Salomé Ureña 06/14/2024   BPMSU CGI PR863.44 F363r 2009 BPMSU24060042 06/14/2024 06/14/2024 Libros e.3